Library Banner

International Conference on Rethinking Human Rights (6-7 December)/ (Record no. 103500)

MARC details
000 -LEADER
fixed length control field 00417nam a22001457a 4500
005 - DATE AND TIME OF LATEST TRANSACTION
control field 20180307121931.0
008 - FIXED-LENGTH DATA ELEMENTS--GENERAL INFORMATION
fixed length control field 180220b xxu||||| |||| 00| 0 eng d
040 ## - CATALOGING SOURCE
Transcribing agency PK-LaUMT
082 ## - DEWEY DECIMAL CLASSIFICATION NUMBER
Classification number PKAC 323
Item number MUS-I
100 ## - MAIN ENTRY--PERSONAL NAME
Personal name Mustafa Ceric
245 ## - TITLE STATEMENT
Title International Conference on Rethinking Human Rights (6-7 December)/
Statement of responsibility, etc Mustafa Ceric
260 ## - PUBLICATION, DISTRIBUTION, ETC. (IMPRINT)
Place of publication, distribution, etc Kuala Lumpur:
Name of publisher, distributor, etc Just wold trust,
Date of publication, distribution, etc 1994
300 ## - PHYSICAL DESCRIPTION
Extent 12
942 ## - ADDED ENTRY ELEMENTS (KOHA)
Koha item type Books
Holdings
Withdrawn status Lost status Damaged status Home library Current library Date acquired Full call number Barcode Date last seen Price effective from Koha item type
      UMT Main Campus UMT Main Campus 2018-02-20 PKAC 323 MUS-I 119892 2018-02-20 2018-02-20 Books